The Peloponnesian War : a military study /

Bibliographic Details
Main Author: Lazenby, J. F. (John Francis)
Corporate Author: NetLibrary, Inc
Format: eBook
Language:English
Published: London ; New York : Routledge, 2004.
Series:Warfare and history.
Subjects:
Online Access:Connect to the full text of this electronic book

MARC

Tag First Indicator Second Indicator Subfields
LEADER 00000cam a22000004a 4500
001 in00002032821
005 20220105154724.0
006 m d
007 cr cnu---unuuu
008 040928s2004 enkb sb 001 0 eng d
020 |a 0203508793 (electronic bk.) 
035 |a (OCoLC)ocm56588267 
040 |a N$T  |c N$T  |d OCLCQ  |d UtOrBLW 
043 |a e-gr--- 
049 |a IICN 
050 1 4 |a DF229.2  |b .L38 2004eb 
082 0 4 |a 938/.05  |2 22 
100 1 |a Lazenby, J. F.  |q (John Francis)  |0 http://id.loc.gov/authorities/names/n85183483 
245 1 4 |a The Peloponnesian War :  |b a military study /  |c John F. Lazenby. 
264 1 |a London ;  |a New York :  |b Routledge,  |c 2004. 
300 |a xvii, 306 pages :  |b maps ;  |c 24 cm. 
336 |a text  |b txt  |2 rdacontent 
337 |a computer  |b c  |2 rdamedia 
338 |a online resource  |b cr  |2 rdacarrier 
490 1 |a Warfare and history 
504 |a Includes bibliographical references (pages 293-295) and index. 
533 |a Electronic reproduction.  |b Boulder, Colo. :  |c NetLibrary,  |d 2004.  |n Available via World Wide Web.  |n Access may be limited to NetLibrary affiliated libraries.  |n "This edition published in the Taylor & Francis e-Library, 2004." 
500 |a Electronic resource. 
651 0 |a Greece  |x History  |y Peloponnesian War, 431-404 B.C.  |x Campaigns.  |0 http://id.loc.gov/authorities/subjects/sh2002008898 
655 7 |a Electronic books.  |2 local 
710 2 |a NetLibrary, Inc.  |0 http://id.loc.gov/authorities/names/no99080690 
776 1 |c Original  |z 041532615X  |w (DLC) 2003010963  |w (OCoLC)52251296 
830 0 |a Warfare and history.  |0 http://id.loc.gov/authorities/names/no95000413 
856 4 1 |u https://proxy.library.tamu.edu/login?url=http://www.netLibrary.com/urlapi.asp?action=summary&v=1&bookid=110472  |z Connect to the full text of this electronic book  |t 0 
994 |a 92  |b IIC 
999 |a MARS 
999 f f |s e5de1dc2-2906-3184-925e-a501d46ace82  |i eed728f9-d140-355a-a856-08e562b9b1ad  |t 0 
952 f f |a Texas A&M University  |b College Station  |c Electronic Resources  |d Available Online  |t 0  |e DF229.2 .L38 2004eb  |h Library of Congress classification 
998 f f |a DF229.2 .L38 2004eb  |t 0  |l Available Online